University Home | Library Home | Institutional Repository

The Chagga and Meru of Tanzania. (Record no. 132795)

MARC details
000 -LEADER
fixed length control field 00747cam1a220024100 4500
001 - CONTROL NUMBER
control field tmp15763909
003 - CONTROL NUMBER IDENTIFIER
control field UPRA
005 - DATE AND TIME OF LATEST TRANSACTION
control field 20190822112148.0
008 - FIXED-LENGTH DATA ELEMENTS--GENERAL INFORMATION
fixed length control field 951023s1977 xx eng u
035 ## - SYSTEM CONTROL NUMBER
System control number (Sirsi) r44126
035 ## - SYSTEM CONTROL NUMBER
System control number (UPRA)tmp15763909
040 ## - CATALOGING SOURCE
Transcribing agency UPRA
100 1# - MAIN ENTRY--PERSONAL NAME
Personal name Moore, S. F.
Linkage A1719.1
245 14 - TITLE STATEMENT
Title The Chagga and Meru of Tanzania.
260 ## - PUBLICATION, DISTRIBUTION, ETC.
Date of publication, distribution, etc. 1977.
949 ## - LOCAL PROCESSING INFORMATION (OCLC)
a GN655
w lcc
i 33729000406137
m MAIN
t BOOK
l ON-SHELF
949 ## - LOCAL PROCESSING INFORMATION (OCLC)
a GN655
w lcc
i -54604
m MAIN
t BOOK
l ON-SHELF
949 ## - LOCAL PROCESSING INFORMATION (OCLC)
a GN655
w lcc
i -54605
m MAIN
t BOOK
l ON-SHELF
949 ## - LOCAL PROCESSING INFORMATION (OCLC)
a GN655
w lcc
i -54606
m MAIN
t BOOK
l ON-SHELF
949 ## - LOCAL PROCESSING INFORMATION (OCLC)
a GN655
w lcc
i -54607
m MAIN
t BOOK
l ON-SHELF
987 ## - LOCAL ROMANIZATION/CONVERSION HISTORY (OCLC)
Romanization/conversion identifier Holdings : unreadable?
Agency that converted, created or reviewed cutters unreadable?

No items available.

© 2026 - The University of Zambia Library - Koha v25.11